Statistics for Top 10 NBA Shooting Guards Of All Time

Click here to take the quiz!

General Stats

  • This quiz has been taken 2,731 times
  • The average score is 5 of 10

Answer Stats

RankPlayer% Correct
1Michael Jordan
97%
2Kobe Bryant
91%
4Allen Iverson
71%
5Dwyane Wade
69%
3Jerry West
49%
10Ray Allen
42%
7Clyde Drexler
39%
9Reggie Miller
36%
6George Gervin
22%
8Pete Maravich
13%

Score Distribution

Percentile by Number Answered

Percent of People with Each Score

Your Score History

You have not taken this quiz